A history of modern philosophy : a sketch of the history of philosophy from the close of the Renaissance to our own day /

Bibliographic Details
Main Author: Høffding, Harald, 1843-1931
Other Authors: Meyer, B. E. (Translator)
Format: Book
Language:English
Published: [New York] : Dover Publications, [1955]
Subjects:

MARC

Tag First Indicator Second Indicator Subfields
LEADER 00000cam a22000001i 4500
001 in00000336452
005 20240625162000.0
008 730522r1955uuuunyu b 001 0 eng
010 |a  57004728  
016 |a (AMICUS)000001203541 
019 |a 1542958  |a 964599873 
029 1 |a AU@  |b 000000637143 
029 1 |a AU@  |b 000023927853 
029 1 |a AU@  |b 000054830236 
029 1 |a NLGGC  |b 831190329 
029 1 |a NZ1  |b 12195952 
029 1 |a NZ1  |b 3187051 
029 1 |a ZWZ  |b 014937522 
029 1 |a AU@  |b 000060812754 
029 1 |a AU@  |b 000060843498 
029 1 |a NLC  |b 000001203541 
029 1 |a AU@  |b 000061947158 
029 1 |a AU@  |b 000062263579 
029 1 |a AU@  |b 000062938263 
029 1 |a AU@  |b 000068998101 
035 |a (OCoLC)ocm00373099  
035 |a (OCoLC)373099  |z (OCoLC)1542958  |z (OCoLC)964599873 
035 |a (OCoLC)ocm00373099  
040 |a DLC  |b eng  |e rda  |c DLC  |d OCL  |d OCLCQ  |d LVB  |d BUF  |d OCLCG  |d WY@  |d VRC  |d OCLCO  |d OCLCF  |d OCLCQ  |d OCLCO  |d RCT  |d OCLCQ  |d KPS  |d NLC  |d OCLCQ  |d GILDS  |d IHT  |d IL4J6  |d OCLCO  |d OCLCL 
041 1 |a eng  |h ger 
050 0 0 |a B798.D3  |b H7 1955 
082 0 4 |a 190.9 
100 1 |a Høffding, Harald,  |d 1843-1931. 
240 1 0 |a Nyere filosofis historie.  |l English 
245 1 2 |a A history of modern philosophy :  |b a sketch of the history of philosophy from the close of the Renaissance to our own day /  |c Harald Høffding ; translated from the German edition by B.E. Meyer. 
260 |a [New York] :  |b Dover Publications,  |c [1955] 
300 |a 2 volumes ;  |c 21 cm 
336 |a text  |b txt  |2 rdacontent 
337 |a unmediated  |b n  |2 rdamedia 
338 |a volume  |b nc  |2 rdacarrier 
500 |a "Authorised translation"--title page. 
500 |a "An unabridged republication of the English translation originally published by Macmillan and Company." 
505 0 |a v. 1. Renaissance to Rousseau - v. 2. Kant to German philosophers of 1850-1880. 
504 |a Includes bibliographical references and indexes. 
650 0 |a Philosophy, Modern  |x History. 
650 6 |a Philosophie  |y 20e siècle. 
650 7 |a Philosophy, Modern.  |2 fast  |0 (OCoLC)fst01061071 
650 7 |a Philosophy, Modern  |x History.  |2 nli 
655 7 |a History.  |2 fast  |0 (OCoLC)fst01411628 
700 1 |a Meyer, B. E.,  |e translator. 
758 |i has work:  |a A history of modern philosophy (Text)  |1 https://id.oclc.org/worldcat/entity/E39PCGrXKh3dMDJKqqHTDFFPKm  |4 https://id.oclc.org/worldcat/ontology/hasWork 
776 0 8 |i Online version:  |a Høffding, Harald, 1843-1931.  |s Nyere filosofis historie. English.  |t History of modern philosophy.  |d [New York] Dover Publications [1955]  |w (OCoLC)652502445 
948 |h NO HOLDINGS IN TXA - 667 OTHER HOLDINGS 
994 |a Z0  |b TXA 
999 f f |s e3b1d0a2-95cb-3322-b58c-45c5a089e75d  |i 0650e9f0-f50a-3259-b58b-097ee9d99a05  |t 0 
952 f f |p ric  |a Texas A&M University  |b Rellis Campus  |c Joint Library Facility  |d Remote Storage  |t 0  |e B798.D3 H7 1955  |h Library of Congress classification  |i unmediated -- volume  |m A14801599732 
998 f f |a B798.D3 H7 1955  |t 0  |l Remote Storage